000 00865nam a2200217Ii 4500
003 JO-AjNU
008 230605s9999||||xx |||||||||||||| ||und||
017 _a2004/10/2506
040 _aJO-AjNU
_bara
_erda
_cJO-AjNU
041 _aara
050 1 4 _aHD30.24.I839.2011
100 3 _aالعيساوي،كاظم جاسم,
_eauthor
_931880
245 0 0 _aدراسات الجدوى الاقتصادية وتقييم المشروعات تحليل نظري وتطبيقي
250 _aط1
264 3 1 _aعمان:دار المناهج للنشر والتوزيع،2011
300 _a305ص
336 _atext
_btxt
_2rdacontent
337 _aunmediated
_bn
_2rdamedia
338 _avolume
_bnc
_2rdacarrier
650 4 _aالتقييم الاقتصادي-السياسة الاقتصادية-الاستثمار الاقتصادي-المشاريع التنموية
_931881
999 _aA12802
_c16370
_d16370